Qui sont les 20 meilleurs rappeurs français ? - Statistiques

Statistiques générales
  • Ce quiz a été pris 769 fois
  • Le résultat moyen est 11 sur 20
Statistiques - réponses
Titre d'un morceau Rappeurs % Correct
1 Lettre à une femme NINHO
95%
16 Tchikita JUL
94%
7 Réseaux NISKA
87%
10 Feu de bois DAMSO
74%
11 Or noir KAARIS
74%
2 On verra NEKFEU
74%
4 En Feu SOPRANO
71%
8 Désaccordé VALD
69%
6 Caramel BOOBA
67%
12 Zombie GIMS
66%
3 Fusil SCH
66%
18 Papa allo ALONZO
53%
19 Du Ferme LA FOUINE
50%
17 Paradis ORELSAN
28%
13 Gogeta LACRIM
25%
5 La puissance ROHFF
23%
15 Lettre a la république KERY JAMES
20%
14 J'regarde en l'air MISTER YOU
19%
9 Roulette Russe 4 SADEK
14%
20 Jour de paix RIM'K
9%
Aucun quiz correspondant
Distribution des résultats
% des personnes avec chaque résultat
Percentile par nombre de réponses
Votre historique - résultats
Vous n’avez pas pris ce quiz